| Tag |
First Indicator |
Second Indicator |
Subfields |
| LEADER |
00000cam a2200000 4500 |
| 001 |
in00001878421 |
| 006 |
m | d | |
| 007 |
cr |n||||||||n |
| 008 |
800305s1782 enk|||| s 00||||eng d |
| 005 |
20260403185218.6 |
| 035 |
|
|
|a (CStRLIN)ESTCT98474
|
| 040 |
|
|
|a Uk-ES
|c Uk-ES
|d Cu-RivES
|d CStRLIN
|d Thomson Gale
|d UtOrBLW
|
| 110 |
2 |
|
|a Samuel, Ann and Peter Thompson (London, England)
|
| 245 |
1 |
2 |
|a A catalogue of music, printed and sold by Samuel, Ann, and Peter Thompson, No.75, St. Paul's church Yard, London.
|
| 264 |
|
1 |
|a [London],
|b [publisher not identified] ;
|c [1782?]
|
| 300 |
|
|
|a 4p. ;
|c oblong 2⁰.
|
| 336 |
|
|
|a text
|b txt
|2 rdacontent
|
| 337 |
|
|
|a computer
|b c
|2 rdamedia
|
| 338 |
|
|
|a online resource
|b cr
|2 rdacarrier
|
| 500 |
|
|
|a Drop-head title.
|
| 500 |
|
|
|a Text in four columns.
|
| 500 |
|
|
|a First line of text of first column: "Abel's 6 favourite overtures in".
|
| 500 |
|
|
|a Reproduction of original from the British Library.
|
| 510 |
4 |
|
|a English Short Title Catalog,
|c ESTCT98474.
|
| 533 |
|
|
|a Electronic reproduction.
|b Farmington Hills, Mich. :
|c Thomson Gale,
|d 2003.
|n Available via the World Wide Web.
|n Access limited by licensing agreements
|7 s2003 miunns
|
| 500 |
|
|
|a Electronic resource.
|
| 830 |
|
0 |
|a Eighteenth century collections online.
|
| 856 |
4 |
0 |
|u http://proxy.library.tamu.edu/login?url=https://galenet.galegroup.com/servlet/ECCO?c=1&stp=Author&ste=11&af=BN&ae=T098474&tiPG=1&dd=0&dc=flc&docNum=CW106791438&vrsn=1.0&srchtp=a&d4=0.33&n=10&SU=0LRL+OR+0LRI&locID=txshracd2898
|z Full text online
|t 0
|
| 999 |
|
|
|a MARS
|
| 999 |
f |
f |
|s 53f75683-6bdc-38fd-afcf-a90ae35f8231
|i e099f005-4519-38eb-945c-16890b5cd37b
|t 0
|
| 952 |
f |
f |
|a Texas A&M University
|b College Station
|c Electronic Resources
|s www_evans
|d Available Online
|t 0
|h No information provided
|
| 998 |
f |
f |
|t 0
|l Available Online
|